000 00576nam a2200181 i 4500
001 56673
003 ES-MaACL
005 20230906163425.0
007 t|
008 031010s1953 sp ||||1| spa d
100 1 _aDiole, Philippe.
_944849
245 1 3 _aLa aventura submarina /
_cPhilippe Diole ; [traducción del francés por Edmond Vallés y Ramón Huguet].
260 _aBarcelona :
_bAymá,
_c1953 (
_fJuventud)
300 _a241 p., 32 lám. ;
_c22 cm.
700 1 _aVallès, Edmon.
_9112874
700 1 _aHuguet, Ramón.
_964646
852 _aES-MaACL
_jD-9042
_bR.34321
999 _c56673
_d56673